Les personnages de One Piece - Statistiques

Statistiques générales
  • Ce quiz a été pris 266 fois
  • Le résultat moyen est 43 sur 72
Statistiques - réponses
Réponse % Correct
Luffy
99%
Zoro
99%
Nami
98%
Sanji
98%
Brook
95%
Franky
95%
Chopper
93%
Shanks
92%
Usopp
92%
Ace
90%
Barbe Blanche
90%
Kaido
89%
Sabo
88%
Big Mom
87%
Doflamingo
86%
Law
85%
Jinbe
84%
Dragon
80%
Aokiji
79%
Crocodile
79%
Nico Robin
79%
Akainu
78%
Kidd
78%
Kizaru
77%
Roger
76%
Mihawk
74%
Moria
74%
Sengoku
74%
Teach
74%
Baggy
73%
Katakuri
73%
Marco
72%
Kuma
70%
Rayleigh
70%
Boa Hancock
67%
Fujitora
64%
Ener
63%
Killer
62%
Arlong
57%
Kinemon
57%
Momonosuke
57%
Oden
56%
Hawkins
55%
Kobby
54%
Lucci
54%
Kaku
52%
Smoker
52%
Apoo
50%
Yasopp
49%
Tashigi
48%
Ben Beckman
46%
Magellan
46%
Yamato
45%
Drake
40%
Kanjuro
40%
Bartolomeo
38%
Corazon
37%
Burgess
32%
Dadan
31%
Lucky Roux
28%
Vegapunk
27%
Foxy
25%
Bellamy
22%
Crocus
22%
Blueno
21%
Absalom
17%
Oz
17%
Kiku
16%
Kureha
15%
Garb
11%
Shiryu
7%
Squardo
2%
Aucun quiz correspondant
Distribution des résultats
% des personnes avec chaque résultat
Percentile par nombre de réponses
Votre historique - résultats
Vous n’avez pas pris ce quiz